| 000 | 00478nam a2200169 i 4500 | ||
|---|---|---|---|
| 001 | 102440 | ||
| 003 | ES-MaACL | ||
| 005 | 20230906183117.0 | ||
| 007 | t| | ||
| 008 | 051110s1973 sp ||||1| spa d | ||
| 100 | 1 |
_aMercero, Antonio. _980451 |
|
| 245 | 1 | 3 |
_aLa cabina / _cAntonio Mercero, José Luis Garci. |
| 260 |
_aMadrid : _bHelios, _c1973. |
||
| 300 |
_a193 p., 4 h., 4 lám. ; _c17 cm. |
||
| 700 | 1 |
_aGarci, José Luis. _953988 |
|
| 852 |
_aES-MaACL _jC-53546 _bR.86137 |
||
| 999 |
_c102440 _d102440 |
||